• 首页
  • 本馆介绍
  • 公告通知
  • 最新文献
  • 馆藏检索
  • 电子资源
  • 读者导购
  • 参考咨询
  • 我的图书馆
  • 登录
  • 详细信息显示
  • 放入我的书架
  • 预约/预借图书
  • 作者相关作品
  • 分类相关作品
  • 丛书相关作品
  • 出版社相关作品

书目信息

  • 表格格式
  • 工作单格式
  • 卡片格式
题名:
《毛泽东选集》第五卷专题讲座
    
 
作者: ;北京师范大学编写组
分册:  
出版信息: 北京   人民出版社  1977.09
页数: 291页
开本: 20cm
丛书名:
单 册:
中图分类: A841.1
科图分类:
主题词: 毛泽东著作--学习 , 毛泽东著作研究
电子资源:
ISBN:
000 00614nam0 2200205 45
001 0210091689
005 20060814083314.79
010    @dCNY0.50
091    @a3071.277
100    @a20021009d1977 km y0chiy0120 ea
101 0  @achi
200 1  @a《毛泽东选集》第五卷专题讲座@A《Mao Ze Dong Xuan Ji》Di Wu Juan Zhuan Ti Jiang Zuo@f北京师范大学编写组@FBei Jing Shi Fan Da Xue Bian Xie Zu
210    @a北京@c人民出版社@d1977.09
215    @a291页@d20cm
606 0  @a毛泽东著作@x学习
606 0  @a毛泽东著作研究
690    @aA841.1@v3
711 02 @a北京师范大学编写组
801    @aCN@bTSTC@c20060814
905    @dA841.1@e19
    
    《毛泽东选集》第五卷专题讲座/北京师范大学编写组.-北京:人民出版社,1977.09
    291页;20cm
    
    
    ISBN :CNY0.50
    
●
相关链接 在E读中查询图书 在五车中查询图书 在当当中查询图书 在豆瓣中查询图书


正题名:《毛泽东选集》第五卷专题讲座     索取号:A841.1/19         预约/预借

序号 登录号 条形码 馆藏地/架位号 状态 备注
1 0178214   001390676   第一借阅区/ [索取号:A841.1/19] 在馆    
2 0178215   001390710   第一样本阅览室/ [索取号:A841.1/19] 在馆    
3 0178216   202390938   密集书库/ [索取号:A841.1/19] 在馆    
4 0229699   001610108   密集书库/ [索取号:A841.1/19] 在馆    
5 0229700   001610117   密集书库/ [索取号:A841.1/19] 在馆    
6 0229701   001610126   密集书库/ [索取号:A841.1/19] 在馆    
7 0229702   001610135   密集书库/ [索取号:A841.1/19] 在馆    
8 0229703   001610144   密集书库/ [索取号:A841.1/19] 在馆    
9 0229704   001610153   密集书库/ [索取号:A841.1/19] 在馆    
10 0229705   001610162   密集书库/ [索取号:A841.1/19] 在馆    
11 0229706   001610171   密集书库/ [索取号:A841.1/19] 在馆    
12 0229707   001610180   密集书库/ [索取号:A841.1/19] 在馆    
13 0229708   001610199   密集书库/ [索取号:A841.1/19] 在馆    
14 0229709   001616861   密集书库/ [索取号:A841.1/19] 在馆    
15 0229710   001616781   密集书库/ [索取号:A841.1/19] 在馆    
16 0229711   001617147   密集书库/ [索取号:A841.1/19] 在馆    
17 0425357   204253574   密集书库/ [索取号:A841.1/19] 在馆    
18 0425358   204253583   密集书库/ [索取号:A841.1/19] 在馆    
19 0425361   204253618   密集书库/ [索取号:A841.1/19] 在馆    
20 0425531   204255313   密集书库/ [索取号:A841.1/19] 在馆    
21 0426215   204262154   密集书库/ [索取号:A841.1/19] 在馆    
22 0426216   204262163   密集书库/ [索取号:A841.1/19] 在馆    
23 0426217   204262172   密集书库/ [索取号:A841.1/19] 在馆    
24 0426218   204262181   密集书库/ [索取号:A841.1/19] 在馆    
25 0426219   204262190   密集书库/ [索取号:A841.1/19] 在馆    
26 0426220   204262207   密集书库/ [索取号:A841.1/19] 在馆    
27 0426221   204262216   密集书库/ [索取号:A841.1/19] 在馆    
28 0448712   204487126   密集书库/ [索取号:A841.1/19] 在馆    
29 0459607   204596071   密集书库/ [索取号:A841.1/19] 在馆    
30 0459608   204596080   密集书库/ [索取号:A841.1/19] 在馆    
31 0459611   204596115   密集书库/ [索取号:A841.1/19] 在馆    
32 0459612   204596124   密集书库/ [索取号:A841.1/19] 在馆    
唐山师范学院图书馆 欢迎您!
大连网信软件有限公司© 版权所有